01651nam a2200469 i 450000100060000000300090000600500170001500800410003201500190007302000150009203500230010703500360013003500140016603500210018003500230020103500440022404000280026804600090029608000180030508000150032324500890033826000770042730000510050433600270055533700540058233800280063638000160066438800100068050400420069064800140073264800140074664800100076065000430077065000420081365000410085565100110089665800340090765800300094170000440097171000680101585600980108346868KOSZ 00520240405063152.0050901s2005 pl ad |000 0 pol  aUWD 2005/19382 a8372994013 a991028586279705066 a(PL-WaBN)b17735014-48omnis_nlop ab17735014 a(OCoLC)749732816 a(PL)b0000001773501 a(EXLNZ-48OMNIS_NETWORK)9910165791005606 aWA NcWA NdKOSZ 005/HR k2005 a332.6/.8(438) a347.2(438)00aGospodarka i zarządzanie zasobami nieruchomości /cpod red. Ryszarda Źróbka. aOlsztyn :bWydawnictwo Uniwersytetu Warmińsko-Mazurskiego,ccop. 2005. a130 s. :brys. (w tym kolor.), wykr. ;c24 cm. aTekstbtxt2rdacontent aBez urządzenia pośredniczącegobn2rdamedia aWoluminbnc2rdacarrier aKsiążki a2001- aBibliogr. i akty prawne przy pracach. a1901-2000 a1989-2000 a2001- 7aGospodarowanie nieruchomościami2DBN 7aZarządzanie nieruchomościami2DBN 7aPrawo gospodarki nieruchomościami  aPolska aGospodarka, ekonomia, finanse aZarządzanie i marketing1 aŹróbek, Ryszardd(1952- )eRedakcja2 aWydawnictwo Uniwersytetu Warmińsko-Mazurskiego (Olsztyn)4pbl uhttp://koha.tu.koszalin.pl/cgi-bin/koha/opac-detail.pl?biblionumber=46868yKatalog online BPK